| 000 | 00501cam a2200205ua 4500 | ||
|---|---|---|---|
| 020 | _c8.00 | ||
| 041 |
_aeng _h |
||
| 082 |
_a636 _bSVIS/ HA |
||
| 100 | _aSubbiah mudaliar, V T . | ||
| 245 |
_aHandbook of animal husbandry & dairing / _cV T Subbiah mudaliar. _hTextual Documents |
||
| 250 |
_a2 / _b. |
||
| 260 |
_aMadras : _bS Viswanathan , _c1960. |
||
| 300 | _a213 ; . | ||
| 365 | _a8.00 | ||
| 500 | _a | ||
| 504 | _a | ||
| 942 | _cBK | ||
| 999 |
_c2189 _d2189 |
||